| 000 | 00325nam a22001337a 4500 | ||
|---|---|---|---|
| 020 | _a978-0-00-743523-4 | ||
| 082 |
_a150 _bLAM/D |
||
| 100 | _aLAMA'S DALAI | ||
| 245 | _aTHE DALAI LAMA'S BOOK OF TRANSFORMATION | ||
| 260 |
_aLONDON _bHARPER COLLINS |
||
| 300 | _a159 | ||
| 650 |
_aPERSONALITY SEVELOPMENT _zLONDON |
||
| 942 | _cBK | ||
| 999 |
_c5157 _d5157 |
||